K stodvadsiatemu výročiu narodenia akademika Jiřího Horáka

Bibliographic Details
Main Author: Zelinová, Hana, 1955- (Author)
Format: Article
Language:Slovak
PhysicalDescription:Fotogr.
ISBN:8080601445
ISSN:0139-5475
Subjects:

MARC

LEADER 00000nab a2200000 a 4500
001 vtls008427325
003 SK-MaSNL
005 20260303065954.0
008 140305c2004 xo |r|p|||||||000 b|slo
015 |a SNBRB2006/01  |2 snkbucl 
038 |a SNKBUCL 
040 |a SNKBUCL  |b slo  |c SNKBUCL  |e AACR2 
041 0 |a slo 
044 |a xo  |c SK 
080 |a 80(=16)+908(4)  |2 2001 
080 |a 39-051  |2 2001 
080 |a 01-051  |2 2001 
080 |a 929 Horák, Jiří  |2 2001 
100 1 |a Zelinová, Hana,  |d 1955-  |4 aut  |9 104568 
245 1 0 |a K stodvadsiatemu výročiu narodenia akademika Jiřího Horáka  |c Hana Zelinová 
300 |a Fotogr. 
600 1 7 |a Horák, Jiří,  |d 1884-1975  |2 snkbucl  |9 112640 
773 0 |t Zborník Slovenského národného múzea v Martine. Etnografia. Ročník XCVIII - 2004  |d Bratislava : Slovenské národné múzeum, 2004  |g S. 143-146  |x 0139-5475  |z 8080601445 
852 |a SNK  |b KIS3GCP 
958 |a BC 
958 |a CZ 
958 |a SK 
999 |c 1753471  |d 1755401